| 000 | 00847pam a2200277 a 4500 | ||
|---|---|---|---|
| 001 | 6338 | ||
| 003 | BD-RjUL | ||
| 005 | 20211208234227.0 | ||
| 008 | 140111s1986 mnua b 001 0 eng | ||
| 020 | _a0314931821 (pbk.) : | ||
| 035 | _a(BD-RjUL)6378 | ||
| 040 |
_aDLC _cDLC _dDLC _dBD-RjUL _beng |
||
| 041 | _aeng | ||
| 082 | 0 | 0 |
_a004 _219 _bGRM 1986 |
| 100 | 1 |
_aGraham, Neill, _d1941- _919953 |
|
| 245 | 1 | 4 |
_aThe mind tool : _bcomputers and their impact on society / _cNeill Graham. |
| 250 | _a4th ed., Language-free ed. | ||
| 260 |
_aSt. Paul : _bWest Pub. Co., _cc1986. |
||
| 300 |
_axvi, 483, [20] p. : _bill. (some col.) ; _c26 cm. |
||
| 504 | _aIncludes bibliographies and index. | ||
| 650 | 0 |
_aComputers. _919954 |
|
| 650 | 0 |
_aComputers and civilization. _919955 |
|
| 942 |
_2ddc _cBK |
||
| 999 |
_c6338 _d6338 |
||